Estatísticas para Ronaldinho Gaúcho

Clique aqui para jogar o quiz

Estatísticas Gerais

  • Esse quiz foi jogado 88 vezes
  • A pontuação média é 8 de 9

Estatísticas das Respostas

AnosClubes% Correto
2003-2008Barcelona
100%
(Seleção)1999-2013Brasil
96%
1998-2001Grêmio
96%
2011-2012Flamengo
95%
2008-2011Milan
95%
2012-2014Atlético-MG
92%
2001-2003PSG
87%
2015Fluminense
85%
2014-2015Querétaro
54%

Distribuição das Pontuações

Percentil de Números Respondidos

Porcentagem de Pessoas com Cada Pontuação

Sua Pontuação Histórica

Você não jogou esse quiz